[Event "Pristina Nderkombetar op"]
[Site "Pristina"]
[Date "2022.06.19"]
[Round "5"]
[White "Kollari, Sulejman"]
[Black "Cerkini, Jeton"]
[Result "1-0"]
[WhiteElo "1995"]
[BlackElo "2133"]
[PlyCount "35"]
[EventDate "2022.06.17"]
[EventType "swiss"]
[EventRounds "9"]
[EventCountry "KOS"]
[SourceTitle "CBM 209 Extra"]
[Source "ChessBase"]
[SourceDate "2022.09.30"]
[SourceVersion "1"]
[SourceVersionDate "2022.09.30"]
[SourceQuality "1"]

1. e4 e6 2. d4 d5 3. Nc3 dxe4 4. Nxe4 Nd7 5. Nf3 b6 6. Bb5 Bb7 7. Ne5 Bxe4 8. Bxd7+ Ke7 9. Qe2 Bb7 10. Bc6 Qc8 11. Qf3 Bxc6 12. Qxf7+ Kd6 13. Nc4+ Kd5 14. Qf3+ Kxc4 15. Qxc6+ Kxd4 16. Bf4 Bc5 17. 0-0-0+ Kc4 18. b3+ 1-0

[Event "Skopje Karpos Cristmas op"]
[Site "Skopje"]
[Date "2016.01.16"]
[Round "2"]
[White "Tosic, Miroslav"]
[Black "Kollari, Sulejman"]
[Result "1-0"]
[WhiteElo "2416"]
[BlackElo "2055"]
[PlyCount "69"]
[EventDate "2016.01.16"]
[EventType "swiss"]
[EventRounds "9"]
[EventCountry "MKD"]
[SourceTitle "CBM 170 Extra"]
[Source "ChessBase"]
[SourceDate "2016.02.25"]
[SourceVersion "1"]
[SourceVersionDate "2016.02.25"]
[SourceQuality "1"]

1. d4 d5 2. c4 c6 3. Nf3 Nf6 4. Qc2 e6 5. g3 Bd6 6. Bg2 0-0 7. 0-0 Nbd7 8. Rd1 Re8 9. Nc3 b6 10. e4 dxe4 11. Nxe4 Nxe4 12. Qxe4 Qc7 13. Ng5 Nf6 14. Qxc6 Bd7 15. Qxc7 Bxc7 16. Bxa8 Rxa8 17. Nf3 Rd8 18. Bg5 h6 19. Bf4 Bxf4 20. gxf4 Nh5 21. Ne5 Nxf4 22. f3 Bc8 23. Kf2 Bb7 24. Rac1 f6 25. Ng4 Kf7 26. Rd2 Nh3+ 27. Ke3 h5 28. Nf2 Ng5 29. Ne4 Nh3 30. d5 exd5 31. cxd5 Rd7 32. Nd6+ Rxd6 33. Rc7+ Kf8 34. Rxb7 a5 35. Rc2 1-0

[Event "Skopje Karposh op"]
[Site "Skopje"]
[Date "2015.04.03"]
[Round "9"]
[White "Kollari, Sulejman"]
[Black "Bubalovic, Davorin"]
[Result "0-1"]
[WhiteElo "2110"]
[BlackElo "2268"]
[PlyCount "72"]
[EventDate "2015.03.27"]
[EventType "swiss"]
[EventRounds "9"]
[EventCountry "MKD"]
[SourceTitle "CBM 165 Extra"]
[Source "ChessBase"]
[SourceDate "2015.04.21"]
[SourceVersion "1"]
[SourceVersionDate "2015.04.21"]
[SourceQuality "1"]

1. e4 c5 2. Nf3 d6 3. d4 cxd4 4. Nxd4 Nf6 5. Nc3 a6 6. Be3 e5 7. Nb3 Be7 8. Be2 Be6 9. Qd2 Nbd7 10. 0-0 b5 11. f3 Nb6 12. Rfd1 0-0 13. Kh1 b4 14. Bxb6 Qxb6 15. Nd5 Nxd5 16. exd5 Bd7 17. a3 a5 18. axb4 axb4 19. Rxa8 Rxa8 20. Nc1 h6 21. Nd3 Rb8 22. c4 bxc3 23. bxc3 Bg5 24. Qa2 Qc7 25. c4 Be3 26. Qa3 Qb6 27. h3 Kf8 28. Nxe5 Rd8 29. Nxd7+ Rxd7 30. Qa8+ Rd8 31. Qc6 Qb2 32. Bd3 Qb3 33. Be2 Qc2 34. Qc7 Bg5 35. Re1 Qd2 36. Rb1 Qxe2 0-1

[Event "Skopje Karposh op"]
[Site "Skopje"]
[Date "2015.03.28"]
[Round "2"]
[White "Nikolov, Kole"]
[Black "Kollari, Sulejman"]
[Result "1-0"]
[WhiteElo "1706"]
[BlackElo "2110"]
[PlyCount "81"]
[EventDate "2015.03.27"]
[EventType "swiss"]
[EventRounds "9"]
[EventCountry "MKD"]
[SourceTitle "CBM 165 Extra"]
[Source "ChessBase"]
[SourceDate "2015.04.21"]
[SourceVersion "1"]
[SourceVersionDate "2015.04.21"]
[SourceQuality "1"]

1. e4 c5 2. d3 d6 3. Be2 Nf6 4. f4 Nc6 5. Nf3 e6 6. 0-0 Be7 7. c3 0-0 8. Na3 a6 9. Nc2 c4 10. e5 dxe5 11. fxe5 Ng4 12. d4 Qb6 13. Kh1 Qc7 14. h3 Nh6 15. Bxh6 gxh6 16. Qd2 Kg7 17. Qf4 b5 18. Ne3 Qd8 19. Ng4 Bg5 20. Nxg5 Qxg5 21. Qf6+ Qxf6 22. Rxf6 h5 23. Nh6 Ne7 24. Raf1 Nf5 25. Nxf5+ exf5 26. Bxh5 Be6 27. g4 fxg4 28. Bxg4 Bxg4 29. hxg4 a5 30. R1f5 b4 31. Rg5+ Kh8 32. Rh5 bxc3 33. bxc3 Rab8 34. Rfh6 Rb1+ 35. Kh2 Rb2+ 36. Kh3 Rc2 37. Rxh7+ Kg8 38. Kh4 Rxc3 39. Kg5 f6+ 40. exf6 Rf3 41. Rg7# 1-0

[Event "Skopje Karposh op"]
[Site "Skopje"]
[Date "2015.03.27"]
[Round "1"]
[White "Kollari, Sulejman"]
[Black "Kraemer, Martin"]
[Result "0-1"]
[WhiteElo "2110"]
[BlackElo "2577"]
[PlyCount "52"]
[EventDate "2015.03.27"]
[EventType "swiss"]
[EventRounds "9"]
[EventCountry "MKD"]
[SourceTitle "CBM 165 Extra"]
[Source "ChessBase"]
[SourceDate "2015.04.21"]
[SourceVersion "1"]
[SourceVersionDate "2015.04.21"]
[SourceQuality "1"]

1. e4 c5 2. Nf3 d6 3. d4 cxd4 4. Nxd4 Nf6 5. Nc3 a6 6. Bg5 Nbd7 7. Be2 e6 8. 0-0 Be7 9. Kh1 h6 10. Be3 Qc7 11. a4 b6 12. Qd2 Bb7 13. f3 0-0 14. Rfd1 Rfd8 15. Rac1 Nc5 16. b4 Ncd7 17. b5 a5 18. Nb3 Rac8 19. Na2 d5 20. exd5 Nxd5 21. f4 Ba3 22. c4 Bxc1 23. Qxc1 Nxe3 24. Qxe3 Nc5 25. Nxc5 Qxc5 26. Qxc5 bxc5 0-1

[Event "Vojvodina-ch 5th"]
[Site "Novi Sad"]
[Date "2014.07.17"]
[Round "8"]
[White "Kollari, Sulejman"]
[Black "Popovic, Milan S"]
[Result "0-1"]
[WhiteElo "2104"]
[BlackElo "2218"]
[PlyCount "52"]
[EventDate "2014.07.12"]
[EventType "swiss"]
[EventRounds "9"]
[EventCountry "YUG"]
[SourceTitle "CBM 161 Extra"]
[Source "ChessBase"]
[SourceDate "2014.08.29"]
[SourceVersion "1"]
[SourceVersionDate "2014.08.29"]
[SourceQuality "1"]

1. e4 c5 2. Nf3 d6 3. d4 cxd4 4. Nxd4 Nf6 5. Nc3 a6 6. Be3 e5 7. Nf3 Qc7 8. h3 Be7 9. Bd3 0-0 10. 0-0 b5 11. Bg5 Nbd7 12. a3 h6 13. Bh4 Bb7 14. Qe2 Nc5 15. Rac1 Nh5 16. Bxe7 Nf4 17. Qe3 Qxe7 18. Rfd1 f5 19. b4 Nxe4 20. Bxe4 fxe4 21. Nxe4 Rad8 22. Rd2 Nxg2 23. Kxg2 Rf4 24. Re2 Bxe4 25. Qxe4 Rxe4 26. Rxe4 Rf8 0-1

[Event "Skopje Karposh op"]
[Site "Skopje"]
[Date "2014.04.03"]
[Round "7"]
[White "Kollari, Sulejman"]
[Black "Angjelovski, Daniel"]
[Result "1/2-1/2"]
[WhiteElo "2104"]
[BlackElo "1913"]
[PlyCount "62"]
[EventDate "2014.03.29"]
[EventType "swiss"]
[EventRounds "9"]
[EventCountry "MKD"]
[SourceTitle "CBM 159 Extra"]
[Source "ChessBase"]
[SourceDate "2014.04.24"]
[SourceVersion "1"]
[SourceVersionDate "2014.04.24"]
[SourceQuality "1"]

1. e4 c5 2. Nf3 d6 3. d4 cxd4 4. Nxd4 Nf6 5. Nc3 g6 6. Be2 Bg7 7. Be3 Nc6 8. Qd2 0-0 9. 0-0-0 a6 10. h4 Nxd4 11. Bxd4 h5 12. f3 b5 13. Nd5 Nxd5 14. exd5 Bxd4 15. Qxd4 Qa5 16. Kb1 Bf5 17. g4 hxg4 18. fxg4 e5 19. dxe6 Bxe6 20. b3 Rac8 21. h5 Rxc2 22. Kxc2 Qxa2+ 23. Kd3 Bxb3 24. Rd2 Qa3 25. Ke4 f5+ 26. gxf5 d5+ 27. Ke3 Bc4+ 28. Kf2 Rxf5+ 29. Ke1 Bxe2 30. Rxe2 Qc1+ 31. Qd1 Qc3+ 1/2-1/2

[Event "Skopje Karposh op"]
[Site "Skopje"]
[Date "2014.03.31"]
[Round "4"]
[White "Ajrula, Adnan"]
[Black "Kollari, Sulejman"]
[Result "0-1"]
[WhiteElo "1872"]
[BlackElo "2104"]
[PlyCount "68"]
[EventDate "2014.03.29"]
[EventType "swiss"]
[EventRounds "9"]
[EventCountry "MKD"]
[SourceTitle "CBM 159 Extra"]
[Source "ChessBase"]
[SourceDate "2014.04.24"]
[SourceVersion "1"]
[SourceVersionDate "2014.04.24"]
[SourceQuality "1"]

1. d4 Nf6 2. c4 e6 3. Bg5 d5 4. e3 c6 5. Nc3 Nbd7 6. Bd3 Bb4 7. Nge2 Qa5 8. Bxf6 Nxf6 9. 0-0 Bd6 10. e4 dxe4 11. Nxe4 Bxh2+ 12. Kh1 Qh5 13. Nxf6+ gxf6 14. Nf4 Qxd1 15. Raxd1 Bxf4 16. g3 Bc7 17. Kg2 Bd7 18. Rh1 f5 19. Rh6 0-0-0 20. Rdh1 Rdg8 21. Rxh7 Rxh7 22. Rxh7 f4 23. g4 f5 24. d5 fxg4 25. Be4 exd5 26. cxd5 cxd5 27. Bxd5 f3+ 28. Kf1 Re8 29. Bxb7+ Kd8 30. Rh5 Re5 31. Rxe5 Bxe5 32. b3 Bd4 33. Kg1 Be6 34. Kh2 Bxf2 0-1

[Event "Skopje Karposh op"]
[Site "Skopje"]
[Date "2014.03.29"]
[Round "1"]
[White "Kollari, Sulejman"]
[Black "Golod, Vitali"]
[Result "0-1"]
[WhiteElo "2104"]
[BlackElo "2573"]
[PlyCount "56"]
[EventDate "2014.03.29"]
[EventType "swiss"]
[EventRounds "9"]
[EventCountry "MKD"]
[SourceTitle "CBM 159 Extra"]
[Source "ChessBase"]
[SourceDate "2014.04.24"]
[SourceVersion "1"]
[SourceVersionDate "2014.04.24"]
[SourceQuality "1"]

1. e4 c5 2. Nf3 Nc6 3. d4 cxd4 4. Nxd4 Qb6 5. Nb3 Nf6 6. Nc3 e6 7. Be3 Qc7 8. a3 a6 9. Be2 b5 10. 0-0 Be7 11. f4 0-0 12. e5 Ne8 13. Ne4 d6 14. exd6 Nxd6 15. Nxd6 Bxd6 16. Bd3 Ne7 17. Be4 Nf5 18. Bd2 Bb7 19. Bxb7 Qxb7 20. Qf3 Qc7 21. Bc3 a5 22. g4 Ne7 23. Rf2 Nd5 24. f5 Nxc3 25. Qxc3 a4 26. Qxc7 Bxc7 27. Nd4 Bb6 28. Nxb5 Rab8 0-1